Datum a čas kvízu
37.5
Celkem bodů
Celkový počet nahraných bodů na tomto kvízu bez doplňovacích otázek.
2.
Pořadí na kvízu
Konečné umístění týmu na tomto kvízu.
Zaznamenané odpovědi
| # | Otázka | Odpověď | Body | Výsledky |
|---|---|---|---|---|
| 1. | Dálnice D35 byla od pondělka t... | traktor | 1 | |
| 2. | Astronautům vracejícím se v mo... | Porouchaný záchod. | 1 | |
| 3. | Jak se jmenuje televizní stani... | Šlágr TV | 1 | |
| 4. | Čtyřiatřicetiletý tchajwanský... | na PornHubu | 1 | |
| 5. | V pondělí začal v Praze světov... | Billie Jean King Cup (Pohár Billie Jean Kingové) | 1 | |
| 6. | Podíváme se mezi lékaře, kteří... | Sám sobě vyoperoval slepé střevo (a přežil). | 1 | |
| 7. | Tento český kardiochirurg dosá... | Jan Pirk | 1 | |
| 8. | Jednou z postav seriálu Simpso... | Dlaha | 1 | |
| 9. | Velkou tradici drží již po tři... | Vladimír Beneš | 1 | |
| 10. | Chirurga Benjamina Franklina „... | Woody Allen | 0 |